Smiať sa s Iľfom a Petrovom

Bibliographic Details
Main Authors: Jackanin, Ivan, 1950- (Author), Iľf, Iľja, 1897-1937 (Author), Petrov, Jevgenij, 1903-1942 (Author)
Format: Article
Language:Slovak
PhysicalDescription:Fot. 1.
Subjects:

MARC

LEADER 00000nab a2200000 a 4500
001 vtls000273100
003 SK-MaSNL
005 20260302213752.0
008 111130c1987 xo 0 slo
015 |a SNBRB19rr/mm-uuuuu 
035 |a CL0283214 
040 |a SNKBUCL  |b slo  |c SNKBUCL  |e AACR2 
041 0 |a slo 
044 |a xo  |c SK 
080 |a 82.09:882-7(048)  |2 1981 
080 |a 882-7(048)  |2 1981 
100 1 |a Jackanin, Ivan,  |d 1950-  |4 aut  |9 103637 
245 1 0 |a Smiať sa s Iľfom a Petrovom  |c Ivan Jackanin ; Ivan Jackanyn, Ilja Iľf, Jevgenij Petrov 
300 |b Fot. 1. 
500 |a V rubrike Program na voľný čas. Kniha. 
650 0 7 |a poviedky satirické  |2 snkbucl  |9 893880 
650 0 7 |a fejtóny satirické  |2 snkbucl  |9 898423 
655 7 |a články z novín a časopisov  |2 snkbucl  |9 267496 
655 7 |a články z odboru literárna veda a krásna literatúra  |2 snkbucl  |9 770045 
700 1 |a Jackanin, Ivan,  |d 1950-  |4 aut  |9 103637 
700 1 |a Iľf, Iľja,  |d 1897-1937  |4 aut  |9 99054 
700 1 |a Petrov, Jevgenij,  |d 1903-1942  |4 aut  |9 99055 
773 0 |t Život  |g Roč. 37, č. 9 (1987), s. 59 
787 0 8 |i Rec.:  |a Iľf, Ilja  |t Intrigy  |d Bratislava : Slovenský spisovateľ, 1986 
850 |a Slovenská národná knižnica v Martine  |a MTA001 
852 |a SNK  |b KIS3GCP 
958 |a RK 
958 |a LX 
958 |a SU 
992 |a RBX 
999 |c 1494839  |d 1496769